MCU characters by image - M#2 - Statistics

General Stats
  • This quiz has been taken 21 times
  • The average score is 11 of 16
Answer Stats
Picture Answer % Correct
Miles Morales
100%
Mysterio
100%
Mantis
94%
May Parker
94%
Mystique
94%
Matt Murdock
89%
Mister Fantastic
89%
Marc Spector
72%
Mighty Thor
67%
Miss Marvel
67%
Monica Rambeau
61%
Morgan Stark
61%
Madame Gao
39%
Miek
39%
Melina Vostokoff
33%
Sister Maggie
17%
No matching quizzes found
Score Distribution
Percent of People with Each Score
Percentile by Number Answered
Your Score History
You have not taken this quiz